Mathematical Modelling Education in East and West.
Պահպանված է:
| Այլ հեղինակներ: | , , , |
|---|---|
| Ձևաչափ: | Անհայտ |
| Հրապարակվել է: |
Cham, Switzerland:
Springer,
2021.
|
| Շարք: | International perspectives on the teaching and learning of mathematical modelling.
|
| Խորագրեր: | |
| Ցուցիչներ: |
Ավելացրեք ցուցիչ
Չկան պիտակներ, Եղեք առաջինը, ով նշում է այս գրառումը!
|
MARC
| LEADER | 00000 a2200000 4500 | ||
|---|---|---|---|
| 003 | CL-VaPUC | ||
| 005 | 20230410155146.0 | ||
| 008 | 221110t2021 ||||| |||| 00| 0 eng d | ||
| 999 | |c 439144 |d 439142 | ||
| 020 | |a 9783030669959 | ||
| 040 | |c Pontificia Universidad Católica de Valparaíso | ||
| 082 | 7 | |a 511.8071 LEU 2021 |2 22 | |
| 100 | |a Leung, Frederick Koon Shing |9 877619 |e editor | ||
| 245 | |a Mathematical Modelling Education in East and West. | ||
| 260 | |a Cham, Switzerland: |b Springer, |c 2021. | ||
| 300 | |a 666 páginas. | ||
| 490 | |a International perspectives on the teaching and learning of mathematical modelling. | ||
| 583 | |k GC |c 20221110 | ||
| 650 | |a Modelos matemáticos |x Estudio y enseñanza |9 878338 | ||
| 700 | |a Stillman, Gloria Ann |e editor |9 878339 | ||
| 700 | |a Kaiser, Gabriele |e editor |9 878340 | ||
| 700 | |a Wong, Ka Lok |e editor |9 878341 | ||
| 942 | |2 ddc |c BK | ||
| 952 | |0 0 |1 0 |2 ddc |4 0 |6 511_807100000000000_LEU_2021 |7 0 |8 A |9 587644 |a BIBMAT |b BIBMAT |c E_DIDACT |d 2022-11-10 |e 74 |g 150591.00 |i 5655519 |o 511.8071 LEU 2021 |p 5655519 |r 2025-01-07 |t 1 |v 150591.00 |w 2022-11-10 |y BK |k MAT | ||